000
00235nam a2200097Ia 4500
001
690573
005
20250826161818.0
008
250824s9999 xx 000 0 und d
245
0
_a
REFİA SULTAN
_c
AYŞE KARA
260
_b
TİMAŞ YAYINLARI
999
_c
690573
_d
690573